000 01674nam a22002777a 4500
001 7004
003 FISKH
005 20250617103018.0
008 250617b cb ||||| |||| 00| 0 eng d
020 _a9780603563805
040 _aFISKH
_beng
_cFISKH
_dFISKH
050 _aPZ7
082 _a627.8
100 _aSmith, Jerry
245 _aBenny and the important job, Roley and the woodland walk /
260 _aGreat Britains :
_bEgmont
_c2008.
300 _a60 pages :
_bcolor illustrations ;
_c23 x 26 cm
505 _aJ
520 _aBenny & the Important Job : Bob and the crew are working on building a new house for the Bentleys at the base of a hill in Sunflower Valley. Benny, a smaller digger, is eager to help—he really wants to prove himself. Throughout the day, he keeps asking to take on tasks suited for bigger machines. In the end, Benny gets a chance to complete a meaningful part of the project when he’s entrusted with an important job that's perfect for his size and skills—boosting his confidence and teaching him that everyone has a valuable role. Roley’s : Although not always included in every edition, many of these 2-in-1 books feature a Roley tale. In one version, Roley sleep-rolls through town after a long day, almost causing trouble. The team comes together, gently wakes him, and safely brings him back—highlighting teamwork, care for friends, and the importance of looking out for each other
521 8 _a430
_bLexile estimate
521 8 _aJ
_bRaz-Plus
650 _aConstruction
_vTeamwork
_xMachines
650 _aFriendship
_vProblem Solving
_xConfidence
942 _2ddc
_cBK
_n0
999 _c7004
_d7004